The untouchables / (Record no. 56235)

MARC details
000 -LEADER
fixed length control field 00791nam a22002177a 4500
005 - DATE AND TIME OF LATEST TRANSACTION
control field 20110902154315.0
010 ## - LCCN (DPL NO)
LC control number G-001391
020 ## - INTERNATIONAL STANDARD BOOK NUMBER
International Standard Book Number 9788190568920
Terms of availability 400.00
035 ## - SYSTEM CONTROL NUMBER
System control number G-001391
037 ## - SOURCE OF ACQUISITION
Source of stock number/acquisition Gift
082 ## - DEWEY DECIMAL CLASSIFICATION NUMBER
Classification number 305.568
100 ## - MAIN ENTRY--PERSONAL NAME
Personal name Ambedkar, B.R.
245 ## - TITLE STATEMENT
Title The untouchables /
Statement of responsibility, etc by B.R. Ambedkar
260 ## - PUBLICATION, DISTRIBUTION, ETC. (IMPRINT)
Place of publication, distribution, etc Delhi
Name of publisher, distributor, etc Siddharth Books
Date of publication, distribution, etc 2008(repr.)
270 ## - ADDRESS
City Delhi
Postal code 110093
Address Chandan Sadan, C-263A, Street No.-9, Hardevpuri, Shahdara
300 ## - PHYSICAL DESCRIPTION
Extent 168p.
Dimensions 23cm (Hb)
700 ## - ADDED ENTRY--PERSONAL NAME
9 (RLIN) 10604
942 ## - ADDED ENTRY ELEMENTS (KOHA)
Source of classification or shelving scheme Dewey Decimal Classification
Item type English Books
Classification part 305.568
Call number suffix AMB
Holdings
Withdrawn status Lost status Not for loan Collection code Home library Current library Date acquired Source of acquisition Cost, normal purchase price Full call number Barcode Copy number Cost, replacement price Koha item type
      Non-fiction Janak Puri Janak Puri 02/09/2011 gift 400.00 305.568 AMB G-001391 1 400.00 English Books

© Delhi Public Library
Hit Counter
free hit counter